| 000 | 00882nam a2200253 a 4500 | ||
|---|---|---|---|
| 003 | CO-ViMGA | ||
| 005 | 20230915232211.0 | ||
| 008 | 100506s2008 ck a br 000 1dspa d | ||
| 020 | _a9789588260976 | ||
| 040 |
_aCO-ViMGA _bspa _cCO-ViMGA |
||
| 043 | _as-ck--- | ||
| 082 | 0 | 4 |
_aI863.5 _bP65c19 _221 |
| 100 | 1 |
_aPombo, Rafael, _d1833-1912. _92448 |
|
| 245 | 1 | 1 |
_a{Cuentos, fábulas y poesías! / _cRafael Pombo ; ilustraciones Carlos Daniel Ardila Mateus. |
| 260 | 3 |
_aBogotá : _bKingkolor, _c2008. |
|
| 300 |
_a108 p. : _bil. ; _c23 cm. |
||
| 650 | 1 | 4 |
_aAnimales _v Cuentos infantiles. _9307 |
| 650 | 1 | 4 |
_aCuentos infantiles colombianos. _92449 |
| 650 | 1 | 4 |
_aFábulas infantiles colombianas. _92450 |
| 650 | 1 | 4 |
_aPoesía infantil colombiana. _92451 |
| 650 | 6 |
_aLibros ilustrados para niños. _987 |
|
| 700 | 1 |
_aArdila Mateus, Carlos Daniel, _eil. _92452 |
|
| 942 |
_2ddc _cBK |
||
| 999 |
_c33802 _d33802 |
||